Software /

Guardado en:
Formato: Deslizar
Series:Multitalento microchip
Materias:
Etiquetas: Agregar Etiqueta
Sin Etiquetas, Sea el primero en etiquetar este registro!
LEADER 00999ngm a22002895g 4500
001 CEM.cems021361
008 130507b1991##################0###0#####d
005 20240822082321.0
245 0 0 |a Software / 
300 |a 28 
490 0 |a Multitalento microchip 
500 |a En soporte VHS, consultar en ventanilla. Grabación Drd 1991. 
538 |a Soporte: VHS - Norma: Pal N - Color: Si - Hitachi: 2870. 
505 0 |a Software: concepto y diferencias con hardware; ejemplos. Ordenadores. Lenguajes de computación: aplicaciones. Programa: diseño, rendimiento, operabilidad, función de archivo, procesador de texto. 
082 0 0 |. 6/AVE 
653 |a COMPUTACION 
653 |a MATEMATICA 
653 |a FISICA 
653 |a HARDWARE 
653 |a SOFTWARE 
653 |a PROGRAMA 
653 |a ORDENADORES 
653 |a ARCHIVO 
653 |a PROCESADOR DE TEXTO 
653 |a MICROCHIP 
653 |a NIVEL SECUNDARIO 
859 |a CEMS  |b BIB. CEMS - Depto. Recursos Didacticos  |h 001.6  |i AVE  |k DRD  |p 04.12  |t Ej.1